Vrai ou Faux: Histoire de France #1 - Statistiques

Statistiques générales
  • Ce quiz a été pris 49 610 fois
    49 181 depuis la dernière actualisation
  • Le résultat moyen est 13 sur 20
Statistiques - réponses
Question Réponse % Correct
La fête nationale française est fêtée le 14 juillet. Vrai
99%
Jeanne d'Arc, la pucelle d'Orléans, est une personnalité majeure de la Guerre de Cent Ans. Vrai
85%
Le premier roi de France est Pépin III dit "le Bref". Faux
82%
Jeanne d'Arc fut brûlée vive en 1431 à Rouen. Vrai
80%
Charles de Gaulle fut Président de la République pendant la Seconde Guerre Mondiale. Faux
76%
Napoléon Bonaparte n'a jamais réussi à conquérir la Russie. Il essuya un revers majeur sur les rives de la Bérézina en novembre 1812. Vrai
73%
"Le bon Roi Dagobert" est une chanson qui a comme personnage principal un roi français Vrai
73%
Le Roi Soleil est le surnom de Louis XVI et est le premier roi à résider au Palais de Versailles. Faux
71%
Vercingétorix fut vaincu par Jules César à Lutèce. Faux
65%
La dynastie des Capétiens est la dynastie ayant tenu le plus longtemps. Vrai
64%
"Les Trois Glorieuses" ou "Révolution de juillet" est une révolution survenant après la Révolution de 1789. Vrai
63%
La Guerre de Cent Ans opposait les Maisons Valois (France) et Plantagenêt (Angleterre). Vrai
62%
Le Massacre de la Saint-Barthélémy s'est déroulé avant l'assassinat d'Henri IV. Vrai
59%
Louis XIV faisait partie de la dynastie des Capétiens. (entendu comme "Capétiens Directs") Faux
58%
L'affaire Dreyfus fut condamnée par Victor Hugo. Faux
56%
"Peuple, je meurs innocent! Messieurs, je suis innocent de tout ce qu'on m'inculpe. Je souhaite que mon sang puisse cimenter le bonheur de la France" est une déclaration de Louis XVI. Vrai
50%
Danton, Marat et Mirabeau sont les noms des trois personnalités anti-royalistes les plus influentes lors de la Révolution. Faux
44%
Le roi Henri III est assassiné par un opposant protestant. Faux
44%
1956 est l'année d'instauration de la Cinquième République. Faux
42%
Blanche de Castille était Reine de France de par son mariage avec Louis VI. Faux
38%
Aucun quiz correspondant
Distribution des résultats
% des personnes avec chaque résultat
Percentile par nombre de réponses
Votre historique - résultats
Vous n’avez pas pris ce quiz depuis la dernière actualisation